| 000 | 00754nam a22001577a 4500 | ||
|---|---|---|---|
| 003 | OSt | ||
| 005 | 20151212082015.0 | ||
| 008 | 151212b xxu||||| |||| 00| 0 eng d | ||
| 040 | _cRUA | ||
| 082 | _aATM.s KON 2004 B203 Or.1 | ||
| 100 |
_94740 _aKONG, CHHOEUN. |
||
| 245 | _aA study on the activities of spacial program for food security (SPFS) boeung nay commune prey chhor district kompong cham province, សិក្សាសកម្មភាពកម្មវិធីពិសេសដើម្បីសន្ដិសុខស្បៀងក្នុងឃុំបឹងណាយ ស្រុកព្រៃឈរ ខេត្តកំពង់ចាម | ||
| 260 |
_aPhnom Penh _bRUA _c2004 |
||
| 300 |
_ax; 62p. _bill. _c29cm. |
||
| 942 |
_2ddc _cATMSP |
||
| 999 |
_c4417 _d4417 |
||